000 01183nam a2200229Ia 4500
003 OSt
005 20220923212051.0
006 a|||||r|||| 00| 0
007 ta
008 220922b |||||||| |||| 00| 0 hin d
024 _a150,489
037 _cTextual
040 _aARTS
_cARTS
_bhin
041 _2hin
_ahin
082 _aC, 152K5
100 _aआइन्स्टीन, अल्बट; इन्फल्ड, लियोपोल्ड
_9162044
245 0 _aभौतिकी का विकास* प्रारम्भिक धारणाओें से लेकर आपेक्षिकता और क्वान्टम सिद्वान्त तक के विचारो का विकास, राजकूमार मिश्र द्वारा अनु
246 _aBhautikī kā vikāsa: prārambhik dhāraṇāoean se lekar āpekṣhikatā aur kvānṭam sidvānta tak ke vichāro kā vikāsa, rājakūmār mishra dvārā anu0
260 _c1965
942 _hC, 152K5
_cTEXL
_2CC
999 _c306169
_d306169